[Event "Titled Tue 26th Aug Early"]
[Site "chess.com INT"]
[Date "2025.08.26"]
[Round "5"]
[White "Vihaan Karthikeya N"]
[Black "Banzea, Alexandru-Bogdan"]
[Result "1/2-1/2"]
[WhiteTitle "CM"]
[BlackTitle "IM"]
[WhiteElo "2179"]
[BlackElo "2394"]
[WhiteFideId "25950673"]
[BlackFideId "1232622"]
[EventDate "2025.08.26"]

1. d4 Nf6 2. c4 g6 3. Nc3 Bg7 4. e4 d6 5. Nf3 O-O 6. Be2 Qe8 7. O-O e5 8. Re1
exd4 9. Nxd4 Nxe4 10. Nd5 Qd8 11. Bf3 Nxf2 12. Ne7+ Qxe7 13. Rxe7 Nxd1 14. Nb5
Nxb2 15. Nxc7 Nd3 16. Rb1 Nc6 17. Bxc6 bxc6 18. Nxa8 Bf5 19. Nc7 Bd4+ 20. Kf1
Ne5 21. Rb7 Bd3+ 22. Ke1 Bxc4 23. Bh6 Rd8 24. Ne8 Ng4 25. Bd2 Nf6 26. Nxf6+ Bxf6
27. Rec7 Re8+ 28. Kd1 Bd5 29. Rxa7 Bd4 30. Ra4 c5 31. Rd7 Bc6 32. Rxd4 cxd4 33.
Rxd6 Bxg2 34. Rxd4 Bh3 35. Bf4 Be6 36. a3 Ra8 37. Bd6 Kg7 38. Kd2 g5 39. Ke3 Kg6
40. Kf2 f6 41. Rd2 h5 42. Bb4 h4 43. Rd6 Kf5 44. Rb6 Rc8 45. Rb5+ Kg4 46. Ke3
Rc2 47. Bd2 Ra2 48. Ra5 Ra1 49. Ra6 Kf5 50. Ra5+ Kg6 51. Ra6 Bf5 52. Rxf6+ Kxf6
53. Bc3+ Ke6 54. Bxa1 g4 55. Kf4 g3 56. hxg3 hxg3 57. Kxg3 Bc2 58. Bc3 Kd5 59.
Bb4 Kc4 60. Kf4 Kb5 61. Ke3 Ka6 62. Kd2 Kb7 63. Kxc2 Ka8 64. Kb3 Kb7 65. Kc4 Ka8
66. Kb5 Kb7 67. Bd6 Ka8 68. a4 Kb7 69. a5 Ka8 70. Bc7 Kb7 71. Bb6 Ka8 72. Kc5
Kb7 73. Kd6 Ka8 74. Kd5 Kb7 75. Bd4 Ka8 76. Bc3 Kb7 77. Kc5 Ka8 78. Kb4 Kb7 79.
Be1 Ka8 80. Kb5 Kb7 81. Kc5 Ka8 82. Kb6 Kb8 83. Kc6 Ka8 84. Kc7 Ka7 85. Kc8 Ka8
86. Kc7 Ka7 87. Bf2+ Ka8 88. Bg3 Ka7 89. Bd6 Ka8 90. Bb4 Ka7 91. Bc3 Ka8 92. Be5
Ka7 93. Kc8 Ka8 94. Bc3 Ka7 95. Bb4 Ka8 96. Bd6 Ka7 97. Bc7 Ka8 98. Bb6 1/2-1/2

[Event "Titled Tue 26th Aug Early"]
[Site "chess.com INT"]
[Date "2025.08.26"]
[Round "5"]
[White "Raghav V"]
[Black "Iunusov, Nuriddin"]
[Result "1/2-1/2"]
[WhiteTitle "FM"]
[BlackTitle "CM"]
[WhiteElo "2343"]
[BlackElo "2007"]
[WhiteFideId "25922475"]
[BlackFideId "13803026"]
[EventDate "2025.08.26"]

1. e4 e5 2. Nf3 Nc6 3. Bc4 Nf6 4. d3 Be7 5. O-O O-O 6. Re1 d6 7. c3 Na5 8. Bb5
a6 9. Ba4 b5 10. Bc2 c5 11. Nbd2 Re8 12. Nf1 Bf8 13. Ng3 h6 14. a3 Bb7 15. b4
Nc6 16. Bb2 d5 17. exd5 Nxd5 18. bxc5 Bxc5 19. d4 exd4 20. Qd3 Nf6 21. cxd4 Bb6
22. Nh5 g6 23. Nxf6+ Qxf6 24. d5 Qxb2 25. dxc6 Bxc6 26. Rxe8+ Rxe8 27. Rb1 Qf6
28. Bb3 Be4 29. Qe2 Re7 30. Re1 Bc5 31. Qd1 Kg7 32. h3 Bxa3 33. Nd2 Bc6 34. Rxe7
Bxe7 35. Nf1 Bc5 36. Qd2 Qd4 37. Qc2 Be4 38. Qa2 Qf6 39. Ng3 Bb7 40. Kh2 h5 41.
f3 h4 42. Nf1 Qf4+ 43. Kh1 Qc1 44. Qe2 Qf4 45. Qc2 Bd6 46. Qc3+ Be5 47. Qd3 a5
48. Qd7 Ba8 49. Qxb5 a4 50. Qb4 Qc1 51. Qc4 Qxc4 52. Bxc4 a3 53. Ba2 Bc6 54. Ne3
Kf6 55. Nc4 Bb2 56. Kg1 Bd5 57. Kf1 Ke7 58. Ke2 Be6 59. Kd3 Bc1 60. Kc2 Bf4 61.
Kb3 g5 62. Kxa3 f5 63. Nb6 g4 64. Bxe6 Kxe6 65. fxg4 fxg4 66. hxg4 Bd6+ 67. Kb3
Kf6 68. Nc4 Bc7 69. Ne3 Kg5 70. Kc4 Kf4 71. Nd5+ Kxg4 72. Nxc7 Kg3 73. Ne6 Kxg2
74. Kd3 Kg3 75. Ng5 h3 76. Nxh3 1/2-1/2

[Event "Titled Tue 26th Aug Early"]
[Site "chess.com INT"]
[Date "2025.08.26"]
[Round "5"]
[White "Lotero, Faiber"]
[Black "Salasan, Haran"]
[Result "1-0"]
[WhiteTitle "FM"]
[BlackTitle "CM"]
[WhiteElo "2127"]
[BlackElo "2059"]
[WhiteFideId "4404190"]
[BlackFideId "3221253"]
[EventDate "2025.08.26"]

1. d4 Nf6 2. c4 e6 3. Nc3 Bb4 4. a3 Bxc3+ 5. bxc3 c5 6. f3 d5 7. cxd5 exd5 8. e3
O-O 9. Bd3 Re8 10. Ne2 Nc6 11. O-O c4 12. Bc2 b5 13. Ng3 a5 14. e4 dxe4 15. fxe4
Bg4 16. Qd2 b4 17. axb4 axb4 18. Rxa8 Qxa8 19. Qg5 h6 20. Qh4 Bd7 21. Rxf6 gxf6
22. Qxf6 Re6 23. Qf4 Rg6 24. e5 Rg7 25. Nh5 Nxd4 26. Nf6+ Kf8 27. Nxd7+ Ke8 28.
Nf6+ Kf8 29. Qe4 Qxe4 30. Bxe4 Ne2+ 31. Kf1 Nxc1 32. cxb4 Nb3 33. Ke2 c3 34. Kd3
Rg5 35. Kxc3 Nc1 36. Kd4 Ne2+ 37. Ke3 Rxe5 38. Kxe2 Re6 39. Nd7+ Ke7 40. Nc5 Rb6
41. Nd3 Kd6 42. Ke3 Rb8 43. Kd4 f6 44. g4 Rc8 45. Nc5 Rb8 46. Kc4 Ke5 47. Bc6
Kf4 48. Bd7 Kg5 49. b5 h5 50. gxh5 Kxh5 51. Ne6 Kg6 52. Kc5 f5 53. b6 Kf6 54.
Nf4 Ke5 55. Nd3+ Ke4 56. Nf2+ Kf3 57. Nh3 f4 58. Kc6 Kg2 59. Nxf4+ Kxh2 60. Nd5
Rxb6+ 61. Kxb6 Kg3 62. Kc5 Kf3 63. Kd4 Kg3 64. Bf5 Kf3 65. Be4+ Kg3 66. Ke3 Kg4
67. Nc3 Kg5 68. Kf3 Kf6 69. Kf4 Ke6 70. Ne2 Kf6 71. Bf5 Ke7 72. Ke5 Kf7 73. Nf4
Ke7 74. Be6 Kf8 75. Kf6 Ke8 76. Nd5 Kf8 77. Nb6 Ke8 78. Bg4 Kf8 79. Nd7+ Ke8 80.
Ke6 Kd8 81. Kd6 Ke8 82. Bh5+ Kd8 83. Nc5 Kc8 84. Bg6 Kd8 85. Nb7+ Kc8 86. Kc6
Kb8 87. Kb6 Kc8 88. Bf5+ Kb8 89. Nc5 Ka8 90. Bg4 Kb8 91. Na6+ Ka8 92. Bf3# 1-0

[Event "Titled Tue 26th Aug Early"]
[Site "chess.com INT"]
[Date "2025.08.26"]
[Round "5"]
[White "Shapiro, Daniel"]
[Black "Setumadhav, Yellumahanthi"]
[Result "1/2-1/2"]
[WhiteTitle "FM"]
[BlackTitle "FM"]
[WhiteElo "2284"]
[BlackElo "2226"]
[WhiteFideId "2001780"]
[BlackFideId "25920669"]
[EventDate "2025.08.26"]

1. d4 Nf6 2. c4 e6 3. g3 d5 4. Nf3 Bb4+ 5. Bd2 Be7 6. Qc2 O-O 7. Bg2 Nbd7 8. O-O
c6 9. Rd1 b6 10. Bf4 Ba6 11. Nbd2 Nh5 12. Rac1 Nxf4 13. gxf4 Rc8 14. Qa4 Bxc4
15. Nxc4 b5 16. Qxa7 bxc4 17. Qa4 Ra8 18. Qxc6 Rxa2 19. Rb1 Qc8 20. Qxc8 Rxc8
21. Rdc1 Bd6 22. Ne5 Nb6 23. e3 f6 24. Nf3 Kf7 25. Ne1 Rb8 26. b3 Ba3 27. Rc2
cxb3 28. Rxb3 Ra1 29. Kf1 Bd6 30. Rc6 Nc4 31. Rxb8 Bxb8 32. Ke2 Ke7 33. Nd3 Ra2+
34. Kf3 Nd2+ 35. Kg3 Kd7 36. Rc3 Bd6 37. Nc5+ Bxc5 38. Rxc5 f5 39. Rb5 h6 40.
Rb7+ Kd6 41. Rxg7 Ra1 42. Rg6 h5 43. Rg5 Rg1 44. Kh3 h4 45. Rh5 Ne4 46. Rxh4
Nxf2+ 47. Kg3 Ne4+ 48. Kf3 Nd2+ 49. Kg3 Ne4+ 50. Kf3 Nd2+ 51. Kf2 Rb1 52. Rh8
Rb2 53. Kg3 Nc4 54. Kf3 Nd2+ 55. Kg3 Nc4 56. Kf3 Rb3 57. h4 Nxe3 58. Kf2 Ng4+
59. Kf1 Rb1+ 60. Ke2 Rb2+ 61. Kf1 Ne3+ 62. Ke1 Rxg2 63. h5 Rh2 64. h6 Ng4 65. h7
Ke7 66. Ra8 Rh1+ 67. Ke2 Rxh7 68. Ra7+ Kd6 69. Rxh7 Nf6 70. Rf7 Ne4 71. Ke3 Nc3
72. Ra7 Ne4 73. Rh7 Nf6 74. Rh4 Ng4+ 75. Kf3 Nf6 76. Ke3 Ne4 77. Kf3 Ke7 78. Ke3
Kf6 79. Rh6+ Ke7 80. Rh7+ Kd6 81. Rh6 Nc3 82. Rh7 Nb5 83. Rh6 Nc7 84. Rh7 Ne8
85. Rh6 Ke7 86. Rh7+ Kd6 87. Rh6 Nc7 88. Rh7 Nb5 89. Rh6 Na3 90. Rh7 Nc4+ 91.
Kd3 Kc6 92. Rh6 Kd6 93. Rg6 Nb2+ 94. Kc2 Nc4 95. Kd3 Nb2+ 96. Kc2 Nc4 97. Kd3 1/2-1/2

[Event "Titled Tue 26th Aug Early"]
[Site "chess.com INT"]
[Date "2025.08.26"]
[Round "5"]
[White "Lemos, Dawton Almino"]
[Black "Hajialiyev, Islam"]
[Result "0-1"]
[WhiteTitle "FM"]
[BlackTitle "CM"]
[WhiteElo "2172"]
[BlackElo "2138"]
[WhiteFideId "2146797"]
[BlackFideId "13442724"]
[EventDate "2025.08.26"]

1. e4 e6 2. d3 d5 3. Nd2 Nf6 4. Ngf3 c5 5. g3 Be7 6. Bg2 O-O 7. O-O Nc6 8. Re1
b6 9. e5 Nd7 10. Nf1 Ba6 11. h4 Rc8 12. h5 b5 13. h6 g6 14. N1h2 b4 15. Bf4 Bb5
16. Qd2 a5 17. Ng4 c4 18. d4 c3 19. bxc3 bxc3 20. Qe3 Nb4 21. Rec1 Ba4 22. Ne1
Nb6 23. Qe2 Nc4 24. Ne3 Bb5 25. Nxc4 Bxc4 26. Qe3 Nxa2 27. Rcb1 a4 28. Nd3 Rb8
29. Bf1 Rxb1 30. Rxb1 Bxd3 31. Qxd3 Qc7 32. Qa6 Rb8 33. Rxb8+ Qxb8 34. Qxa4 Nb4
35. Bb5 Nxc2 36. Qxc2 Qxb5 37. Qxc3 Qb7 38. Qe3 Qb1+ 39. Kg2 Qf5 40. Qc3 g5 41.
Be3 Qg6 42. Qc8+ Bf8 43. Qd8 Qe4+ 44. Kh2 g4 45. Qg5+ Qg6 46. Qd8 Qf5 47. Kg2 f6
48. Qxf6 Qxf6 49. exf6 Kf7 50. f3 gxf3+ 51. Kxf3 Kxf6 52. g4 Kg6 53. g5 Be7 54.
Kg4 Bd8 55. Bf4 Ba5 56. Be3 Bb4 57. Kf4 Bd6+ 58. Kg4 Bc7 59. Bd2 Bb6 60. Bc3 Ba7
61. Bb2 Bb6 62. Bc3 Bd8 63. Bd2 Be7 64. Bc1 Bb4 65. Kf4 Kf7 66. Be3 Ba5 67. Kg4
Bb6 68. Kh5 e5 69. g6+ hxg6+ 70. Kg5 Bxd4 71. Bd2 e4 72. h7 Bf6+ 73. Kh6 Bg7+
74. Kg5 d4 75. Kf4 e3 76. Be1 Bf6 77. Bh4 Bh8 78. Ke4 Ke6 79. Bg5 Kf7 80. Bh4
Bg7 81. Bg5 Ke6 82. Bh6 Bh8 83. Bg5 Kd6 84. Kd3 Kd5 85. Bh6 Ke5 86. Bg5 Kf5 87.
Be7 g5 88. Bc5 Kg6 0-1

[Event "Titled Tue 26th Aug Early"]
[Site "chess.com INT"]
[Date "2025.08.26"]
[Round "5"]
[White "Sarveshwaran V"]
[Black "Gustafsson, Jan"]
[Result "1/2-1/2"]
[WhiteTitle "CM"]
[BlackTitle "GM"]
[WhiteElo "2290"]
[BlackElo "2591"]
[WhiteFideId "25699016"]
[BlackFideId "4625498"]
[EventDate "2025.08.26"]

1. e4 e5 2. f3 Bc5 3. c3 Nc6 4. Ne2 d5 5. Ng3 Nf6 6. b4 Bb6 7. b5 Ne7 8. d4 dxe4
9. dxe5 Qxd1+ 10. Kxd1 Nfd5 11. Nxe4 O-O 12. c4 Bd4 13. cxd5 Bxa1 14. d6 Ng6 15.
Nec3 Nxe5 16. dxc7 Be6 17. Bf4 f6 18. Kc2 Rac8 19. b6 axb6 20. Nb5 Bd7 21. N1a3
g5 22. Bg3 Bf5+ 23. Kb3 Be6+ 24. Kc2 Rf7 25. Kb1 Rd7 26. Kxa1 Rd1+ 27. Kb2 Kf7
28. Kc2 Ra1 29. Kb2 Rxa2+ 30. Kb1 Rd2 31. Kc1 Rd5 32. h4 g4 33. h5 Ke7 34. h6
gxf3 35. gxf3 Bf5 36. Bxe5 fxe5 37. Bc4 Rc5 38. Kb2 Kf6 39. Rd1 Kg5 40. Rd6 Kf4
41. Rf6 Kg5 42. Rd6 Kf4 43. Rf6 Kg5 44. Rxf5+ Kxf5 45. Nd6+ Kf4 46. Nxc8 Rxc7
47. Nxb6 Kxf3 48. Nd5 Rc6 49. Nb4 Rxh6 50. Bd5+ e4 51. Bxb7 Rh2+ 52. Kc3 Kf4 53.
Nc4 e3 54. Nd3+ Kf5 55. Nxe3+ Kg5 56. Kd4 Rh4+ 57. Be4 Rh3 58. Nf2 Rh4 59. Ng2
Rxe4+ 60. Kxe4 h5 61. Kf3 h4 62. Nh3+ Kf5 63. Ne3+ Ke5 64. Ng4+ Kf5 65. Ngf2 Ke5
66. Kg4 Kd4 67. Kf4 Kd5 68. Ke3 Ke5 69. Kf3 Kf5 70. Nd1 Ke5 71. Ne3 Kd4 72. Kf4
Kd3 73. Kf3 Kd4 74. Nf5+ Ke5 75. Kg4 Ke4 76. Nh6 Ke5 77. Kf3 Kd4 78. Kf4 Kd3 79.
Ng4 Kd4 80. Ne3 Kd3 81. Nf5 Ke2 82. Ke4 Kd2 83. Ne3 Ke2 84. Nc4 Kd1 85. Kd3 Ke1
86. Ke3 Kd1 87. Nd2 Ke1 88. Kd3 Kd1 89. Nf3 Kc1 90. Kc3 Kd1 91. Nd4 Ke1 92. Kd3
Kd1 93. Nc2 Kc1 94. Kc3 Kd1 95. Nd4 Ke1 96. Kd3 Kd1 97. Nc2 Kc1 98. Kc3 Kd1 99.
Kd3 1/2-1/2

[Event "Titled Tue 26th Aug Early"]
[Site "chess.com INT"]
[Date "2025.08.26"]
[Round "5"]
[White "Zouaghi, Amir"]
[Black "Hovakimyan, Vache"]
[Result "0-1"]
[WhiteTitle "FM"]
[BlackTitle "FM"]
[WhiteElo "2301"]
[BlackElo "2270"]
[WhiteFideId "249262"]
[BlackFideId "13317288"]
[EventDate "2025.08.26"]

1. d4 Nf6 2. Nf3 d5 3. c4 e6 4. g3 Bb4+ 5. Bd2 Be7 6. Bg2 O-O 7. O-O c6 8. Qc2
b6 9. Bf4 Bb7 10. Nfd2 c5 11. dxc5 bxc5 12. Nc3 Nbd7 13. cxd5 exd5 14. b3 Qb6
15. Na4 Qe6 16. Rfe1 Rac8 17. e4 d4 18. Nc4 Nb6 19. Nab2 Nfd7 20. Nd3 Nxc4 21.
bxc4 Nb6 22. Rac1 Ba6 23. Nb2 Bd6 24. Bxd6 Qxd6 25. e5 Qe6 26. Be4 g6 27. a4 Nd7
28. Bd5 Qb6 29. e6 Nf6 30. exf7+ Kg7 31. a5 Qxa5 32. Ra1 Qc3 33. Rec1 Qxc2 34.
Rxc2 Nxd5 35. cxd5 Bb5 36. Rxa7 c4 37. Ra5 d3 38. Rc3 Rc5 39. Nxd3 cxd3 40. Rxc5
d2 41. Ra1 Ba4 42. d6 d1=Q+ 43. Rxd1 Bxd1 44. Rd5 Bg4 45. Kg2 Kxf7 46. f3 Be6
47. Rd4 Rd8 48. h4 Ke8 49. g4 Kd7 50. Kg3 Ra8 51. h5 gxh5 52. gxh5 Ra5 53. Kh4
Rd5 54. Ra4 Kxd6 55. Ra7 Bd7 56. f4 Ke7 57. Kg3 Rf5 58. h6 Rf6 59. Kf3 Rxh6 60.
Ke4 Rf6 61. Ke5 Rf5+ 62. Ke4 Rf7 63. Ra6 Rf6 64. Ra7 h5 65. Ra5 Rh6 66. Kf3 Bg4+
67. Kg3 Rd6 68. Kh4 Kf6 69. Rb5 Rd3 70. Rb6+ Kf7 71. Rb7+ Kf6 72. Rb6+ Kg7 73.
Rb7+ Kf8 74. Rb6 Rf3 75. Kg5 Rd3 76. f5 Rd5 77. Rf6+ Ke7 78. Re6+ Kf7 79. Rf6+
Ke8 80. Re6+ Kd7 81. Rf6 Re5 82. Kf4 Rb5 83. Kg5 Rb4 84. Rf7+ Kd6 85. f6 Rb5+
86. Kh4 Rf5 87. Rf8 Ke6 88. Re8+ Kxf6 89. Rf8+ Ke6 90. Re8+ Kd7 91. Re1 Rf3 92.
Rd1+ Ke6 93. Ra1 Rh3+ 94. Kg5 Rh2 95. Ra6+ Ke5 96. Ra5+ Ke4 97. Ra3 Bf3 98. Ra4+
Ke3 99. Ra3+ Kf2 100. Ra2+ Kg3 101. Ra3 h4 102. Kf5 h3 103. Kg5 Re2 0-1

[Event "Titled Tue 26th Aug Early"]
[Site "chess.com INT"]
[Date "2025.08.26"]
[Round "6"]
[White "Oluka Robert Mcligeyo"]
[Black "Karunasena, A P Chenitha Sihas Dinsara"]
[Result "0-1"]
[WhiteTitle "CM"]
[BlackTitle "CM"]
[WhiteElo "2081"]
[BlackElo "2026"]
[WhiteFideId "10814647"]
[BlackFideId "29982596"]
[EventDate "2025.08.26"]

1. e4 e5 2. Nf3 Nc6 3. Nc3 Nf6 4. Bb5 Bc5 5. Nxe5 Nxe5 6. d4 Bd6 7. dxe5 Bxe5 8.
Bd3 O-O 9. O-O d6 10. f4 Bd4+ 11. Kh1 Ng4 12. Qe2 Nxh2 13. f5 Nxf1 14. Qxf1 0-1

[Event "Titled Tue 26th Aug Early"]
[Site "chess.com INT"]
[Date "2025.08.26"]
[Round "6"]
[White "Sava, Robert-Gabriel"]
[Black "Liu, Casper"]
[Result "0-1"]
[WhiteTitle "CM"]
[BlackTitle "FM"]
[WhiteElo "2121"]
[BlackElo "2361"]
[WhiteFideId "1265725"]
[BlackFideId "1454153"]
[EventDate "2025.08.26"]

1. d4 Nf6 2. c4 a6 3. Nf3 c5 4. d5 b5 5. g3 bxc4 6. Bg2 Bb7 7. Nc3 e6 8. O-O
Nxd5 9. Nxd5 Bxd5 10. e4 Bxe4 11. Re1 d5 12. Ng5 Bxg2 13. Nxe6 fxe6 14. Rxe6+
Kf7 15. Qg4 Be4 16. Bg5 Qd7 17. Rxe4 dxe4 18. Qf4+ Kg8 19. Qxe4 Nc6 20. Qxc4+
Qf7 21. Qe4 Rc8 22. Rd1 h6 0-1

[Event "Titled Tue 26th Aug Early"]
[Site "chess.com INT"]
[Date "2025.08.26"]
[Round "6"]
[White "Silwal, Purushottam"]
[Black "Ocampos, Ian"]
[Result "0-1"]
[WhiteTitle "CM"]
[WhiteElo "2129"]
[BlackElo "2195"]
[WhiteFideId "12332313"]
[BlackFideId "117544"]
[EventDate "2025.08.26"]

1. e4 c5 2. Nf3 a6 3. c4 Nc6 4. d4 cxd4 5. Nxd4 e5 6. Nf5 d5 7. cxd5 Bxf5 8.
exf5 Nd4 9. Nc3 Be7 10. Bd3 Nf6 11. O-O O-O 12. Bg5 Nxd5 13. Bxe7 Nxe7 14. f6
gxf6 15. Qh5 f5 16. Rad1 Qd6 17. Rfe1 Rad8 18. f4 e4 19. Bxe4 fxe4 20. Nxe4 Qg6
21. Qh3 Ne2+ 22. Kh1 Rxd1 23. Rxd1 Qxe4 24. Qg4+ Ng6 25. Re1 Re8 0-1

[Event "Titled Tue 26th Aug Early"]
[Site "chess.com INT"]
[Date "2025.08.26"]
[Round "6"]
[White "Yeung, Jason"]
[Black "Lotero, Faiber"]
[Result "1-0"]
[WhiteTitle "FM"]
[BlackTitle "FM"]
[WhiteElo "2158"]
[BlackElo "2127"]
[WhiteFideId "8203970"]
[BlackFideId "4404190"]
[EventDate "2025.08.26"]

1. e4 e5 2. Nf3 Nf6 3. d4 Nxe4 4. dxe5 Bc5 5. Qd5 Bxf2+ 6. Ke2 f5 7. exf6 Nxf6
8. Qe5+ Kf7 9. Ng5+ Kg6 10. Kf3 d5 11. Bd3+ Ne4 12. Nxe4 dxe4+ 13. Bxe4+ Kf7 14.
Kxf2 Qf6+ 15. Qxf6+ gxf6 16. Bf4 c6 17. Nc3 Be6 18. Rad1 Nd7 19. Rhe1 Nc5 20.
Bd6 Nxe4+ 21. Nxe4 Bd5 22. Nc3 Be6 23. Bg3 Rad8 24. Ne4 1-0

[Event "Titled Tue 26th Aug Early"]
[Site "chess.com INT"]
[Date "2025.08.26"]
[Round "6"]
[White "Drygalov, Sergey"]
[Black "Mullodzhanov, Nathaniel"]
[Result "1-0"]
[WhiteTitle "GM"]
[WhiteElo "2560"]
[BlackElo "2120"]
[WhiteFideId "24171743"]
[BlackFideId "30961580"]
[EventDate "2025.08.26"]

1. d4 Nf6 2. c4 g6 3. Nc3 Bg7 4. e4 d6 5. Nf3 O-O 6. Be2 e5 7. O-O Nc6 8. d5 Ne7
9. b4 a5 10. bxa5 Rxa5 11. a4 Ne8 12. Nd2 b6 13. Nb3 Ra8 14. Be3 f5 15. f3 Nf6
16. a5 bxa5 17. Nxa5 Ba6 18. c5 dxc5 19. Bxc5 Bxe2 20. Qxe2 Qd7 21. Qb5 Rfe8 22.
Qxd7 Nxd7 23. Bxe7 Rxe7 24. Nc6 Ree8 25. Nb5 Rxa1 26. Rxa1 fxe4 27. fxe4 Bf8 28.
Nxc7 Bc5+ 29. Kh1 Rf8 30. Ne6 Rf2 31. h3 Kf7 32. Nxc5 Nxc5 33. Nxe5+ Ke7 34.
Ra7+ Ke8 35. d6 Nxe4 36. Ra8# 1-0

[Event "Titled Tue 26th Aug Early"]
[Site "chess.com INT"]
[Date "2025.08.26"]
[Round "6"]
[White "Zhigalko, Sergei"]
[Black "Sharshenbekov, Emir"]
[Result "1-0"]
[WhiteTitle "GM"]
[BlackTitle "CM"]
[WhiteElo "2572"]
[BlackElo "2175"]
[WhiteFideId "13502956"]
[BlackFideId "13810634"]
[EventDate "2025.08.26"]

1. e4 e5 2. Nf3 Nf6 3. d4 Nxe4 4. Bd3 d5 5. Nxe5 Nd7 6. Nxd7 Bxd7 7. O-O Bd6 8.
Nc3 Nxc3 9. bxc3 Be6 10. Rb1 Rb8 11. Qh5 g6 12. Qh6 Bf8 13. Qf4 Bg7 14. Ba3 c6
15. Bd6 1-0

[Event "Titled Tue 26th Aug Early"]
[Site "chess.com INT"]
[Date "2025.08.26"]
[Round "6"]
[White "Rodrigues Mota, Romulo Cardoso S"]
[Black "Kulik, Nicolas"]
[Result "1-0"]
[WhiteElo "1940"]
[BlackElo "2111"]
[WhiteFideId "2187442"]
[BlackFideId "3009530"]
[EventDate "2025.08.26"]

1. c4 g6 2. Nc3 Bg7 3. g3 d6 4. Bg2 e5 5. Nf3 f5 6. O-O Nf6 7. d4 e4 8. Ne1 O-O
9. f3 exf3 10. Nxf3 Kh8 11. Bf4 c6 12. Qd2 Be6 13. d5 cxd5 14. cxd5 Bg8 15. Bg5
h6 16. Bxh6 Bxh6 17. Qxh6+ Bh7 18. Ng5 Qe7 19. e4 Ng4 20. Qh4 Ne3 21. exf5 Nxf1
22. fxg6 Rg8 23. Nf7+ Qxf7 24. gxf7 Rf8 25. Qf6# 1-0

[Event "Titled Tue 26th Aug Early"]
[Site "chess.com INT"]
[Date "2025.08.26"]
[Round "6"]
[White "Grieve, Harry"]
[Black "Tarhan, Adar"]
[Result "0-1"]
[WhiteTitle "IM"]
[BlackTitle "IM"]
[WhiteElo "2479"]
[BlackElo "2474"]
[WhiteFideId "426520"]
[BlackFideId "34544712"]
[EventDate "2025.08.26"]

1. e4 e5 2. Nf3 Nc6 3. Bc4 Bc5 4. Nc3 Nf6 5. d3 h6 6. O-O O-O 7. a3 d6 8. Na4
Bg4 9. h3 Bh5 10. g4 Nxg4 11. hxg4 Bxg4 12. c3 Kh8 13. d4 exd4 14. Be2 f5 15.
Nxd4 Bxd4 16. Bxg4 fxg4 17. cxd4 Qh4 18. Qb3 Nxd4 0-1

[Event "Titled Tue 26th Aug Early"]
[Site "chess.com INT"]
[Date "2025.08.26"]
[Round "6"]
[White "Zozek Salah Mohammed"]
[Black "Bulgak, Damir"]
[Result "0-1"]
[WhiteTitle "FM"]
[BlackTitle "CM"]
[WhiteElo "2205"]
[BlackElo "2254"]
[WhiteFideId "4803361"]
[BlackFideId "13528882"]
[EventDate "2025.08.26"]

1. d4 Nf6 2. Nf3 e6 3. g3 d5 4. Bg2 Be7 5. O-O O-O 6. c4 c5 7. cxd5 Nxd5 8. e4
Nf6 9. e5 Nd5 10. Nc3 Nc6 11. Nxd5 Qxd5 12. dxc5 Qxc5 13. Be3 Qb5 14. Qb3 Qxb3
15. axb3 Bd7 16. Rfd1 Rfd8 17. h4 h6 18. Nd4 Nxe5 19. Bxb7 Rab8 20. Rxa7 Bc5 21.
Nxe6 Bxe3 22. fxe3 Bxe6 23. Rxd8+ Rxd8 24. Ra8 Rxa8 25. Bxa8 Bxb3 26. Kf2 Kf8 0-1

[Event "Titled Tue 26th Aug Early"]
[Site "chess.com INT"]
[Date "2025.08.26"]
[Round "6"]
[White "Navarro, Tiago Cunha"]
[Black "Gant, Chris J"]
[Result "0-1"]
[BlackTitle "FM"]
[WhiteElo "2109"]
[BlackElo "2056"]
[WhiteFideId "2106280"]
[BlackFideId "403946"]
[EventDate "2025.08.26"]

1. d4 Nf6 2. c4 c5 3. Nf3 cxd4 4. Nxd4 Nc6 5. Nc3 g6 6. e3 Bg7 7. Be2 O-O 8. O-O
d5 9. cxd5 Nxd5 10. Nxc6 bxc6 11. Na4 Bf5 12. Bd2 Rb8 13. Qc1 Nb4 14. Rd1 Bc2
15. Re1 Bxa4 0-1

[Event "Titled Tue 26th Aug Early"]
[Site "chess.com INT"]
[Date "2025.08.26"]
[Round "6"]
[White "Krzywda, Andrzej"]
[Black "Puzyrevsky, Semyon"]
[Result "1-0"]
[WhiteTitle "CM"]
[BlackTitle "FM"]
[WhiteElo "2149"]
[BlackElo "2269"]
[WhiteFideId "1114565"]
[BlackFideId "24240931"]
[EventDate "2025.08.26"]

1. e4 c5 2. Nf3 d6 3. Bb5+ Nd7 4. O-O a6 5. Bxd7+ Bxd7 6. c3 Nf6 7. Re1 g6 8. d4
cxd4 9. cxd4 Bg7 10. Nc3 O-O 11. h3 Rc8 12. Bf4 Qa5 13. Qd2 Bc6 14. Nd5 Qd8 15.
Nxf6+ Bxf6 16. Rac1 Bg7 17. Bh6 Qb6 18. Bxg7 Kxg7 19. b3 Bd7 20. h4 Bg4 21. Nh2
Be6 22. Nf3 h5 23. d5 Bg4 24. Qb2+ f6 25. Ng5 Kg8 26. Ne6 Bxe6 27. dxe6 Qb5 28.
Qd2 Qe5 29. Qh6 Qxe6 30. Qxg6+ Kh8 31. Qxh5+ Kg7 32. Rxc8 Rxc8 33. Re3 Rc1+ 34.
Kh2 Qe5+ 35. Rg3+ Kf8 36. Qh8+ Kf7 37. Qg8# 1-0

[Event "Titled Tue 26th Aug Early"]
[Site "chess.com INT"]
[Date "2025.08.26"]
[Round "6"]
[White "Iunusov, Nuriddin"]
[Black "Belov, Alexei"]
[Result "0-1"]
[WhiteTitle "CM"]
[BlackTitle "IM"]
[WhiteElo "2007"]
[BlackElo "2421"]
[WhiteFideId "13803026"]
[BlackFideId "4128206"]
[EventDate "2025.08.26"]

1. e4 e6 2. d4 d5 3. Nc3 Nf6 4. Bg5 dxe4 5. Nxe4 Be7 6. Bxf6 Bxf6 7. Nf3 O-O 8.
g3 b6 9. Bg2 Bb7 10. Ne5 Kh8 11. Qh5 g6 12. Qe2 Qxd4 13. Nxf6 Bxg2 14. Rg1 Bb7
15. c3 Qd8 16. Rd1 Qxf6 0-1

[Event "Titled Tue 26th Aug Early"]
[Site "chess.com INT"]
[Date "2025.08.26"]
[Round "6"]
[White "Mohmad Bashiq Imrose"]
[Black "Lai, Duc Minh"]
[Result "1-0"]
[WhiteTitle "CM"]
[WhiteElo "2120"]
[BlackElo "2121"]
[WhiteFideId "25654489"]
[BlackFideId "12420387"]
[EventDate "2025.08.26"]

1. d4 Nf6 2. c4 e6 3. Nf3 Bb4+ 4. Nbd2 b6 5. g3 Bb7 6. Bg2 a5 7. O-O a4 8. a3
Be7 9. Qc2 c5 10. e4 cxd4 11. Nxd4 Nc6 12. Nb5 O-O 13. Nb1 Ne5 14. Bf4 d6 15.
Bxe5 dxe5 16. N1c3 Bc6 17. Nxa4 Bxb5 18. cxb5 Qb8 19. Nc3 Bc5 20. h3 Rc8 21. Qb3
Nd7 22. Rac1 Bd4 23. Na4 Rxc1 24. Rxc1 Qa7 25. Nc3 Nc5 26. Qc4 Qa5 27. Rc2 h5
28. b4 Qxa3 29. bxc5 Qa1+ 30. Bf1 Bxc3 31. Qxc3 Qd1 32. Rc1 Qd8 33. c6 Rb8 34.
c7 1-0

[Event "Titled Tue 26th Aug Early"]
[Site "chess.com INT"]
[Date "2025.08.26"]
[Round "6"]
[White "Kurpiewski, Slawomir"]
[Black "Owen, Garth I"]
[Result "1-0"]
[WhiteTitle "CM"]
[BlackTitle "CM"]
[WhiteElo "1973"]
[BlackElo "1807"]
[WhiteFideId "1114530"]
[BlackFideId "10700382"]
[EventDate "2025.08.26"]

1. f4 d5 2. Nf3 c5 3. g3 Nc6 4. d3 e6 5. Bg2 g6 6. O-O Bg7 7. c3 Nf6 8. Qe1 O-O
9. e4 dxe4 10. dxe4 Qc7 11. h3 b6 12. Rf2 Bb7 13. e5 Nd5 14. Nbd2 Rad8 15. Ne4
Nde7 16. Nd6 Nf5 17. Nxb7 Qxb7 18. g4 Nh6 19. Be3 Rd3 20. Bf1 Rd7 21. Ng5 Ne7
22. Bg2 Qc7 23. Rd1 Rfd8 24. Rfd2 Nd5 25. c4 Nxe3 26. Qxe3 Rxd2 27. Rxd2 Rd7 28.
Ne4 f6 29. exf6 Bf8 30. Ng5 Nf7 31. Nxe6 Qc8 32. Nxf8 Kxf8 33. Bd5 Nd6 34. Re2
a6 35. Qe6 1-0